Vista normal
Vista MARC
Entrada Materia (personas)
Número de registros utilizados en: 8
001 - CONTROL NUMBER
- control field: 41863
003 - CONTROL NUMBER IDENTIFIER
- control field: Co-BoUCM
005 - DATE AND TIME OF LATEST TRANSACTION
- control field: 20130731143249.0
008 - FIXED-LENGTH DATA ELEMENTS
- fixed length control field: 130731|| aca||aabn | a|a d
040 ## - CATALOGING SOURCE
- Original cataloging agency: Co-BoUCM
- Transcribing agency: Co-BoUCM
100 ## - HEADING--PERSONAL NAME
- Personal name: Alessandri Rodríguez, Arturo
670 ## - SOURCE DATA FOUND
- Source citation: Work cat.: (Co-BoUCM)29490: Alessandri Rodríguez, Arturo, De los contratos, 2011